Sports Quiz

Random Sports Quiz

Liga BBVA Champions Quiz Stats

 Plays Quiz not verified by Sporcle

Score 0/9 Timer 10:00
0 Plays Today
Season they last became Champions % Correct
2007/08Real Madrid
99.4%
2010/11Barcelona
98.8%
2003/04Valencia
89.1%
1995/96Atletico Madrid
77.8%
1945/46Sevilla
75.4%
1999/2000Deportivo
61.2%
1981/82Real Sociedad
55.6%
1983/84Athletic Bilbao
52.4%
1934/35Real Betis
39.6%

You're not logged in!

Compare scores with friends on all Sporcle quizzes.
Join for Free
OR
Log In

You Might Also Like...

Show Comments

Extras

Top Quizzes Today


Score Distribution

Your Account Isn't Verified!

In order to create a playlist on Sporcle, you need to verify the email address you used during registration. Go to your Sporcle Settings to finish the process.

Report this User

Report this user for behavior that violates our Community Guidelines.

Details: